00349nam a2200121Ia 4500008004100000041000800041082001800049100002800067245003800095260003200133300001900165520004300184240719s9999 xx 000 0 und d aeng a658.15224 JOR aJordan Westerfield Ross aFundamentals Of Corporate Finance aNew YorkbMcgraw-Hillc2003 a776.; P. 28 Cm aGifted By : IMT Faculty Dr. Pawan Jain